| 000 | 00897cam a22003133a 4500 | ||
|---|---|---|---|
| 001 | 3294 | ||
| 003 | PGUSA | ||
| 005 | 20140828083030.0 | ||
| 008 | 020601s2002||||xxu|||||s|||||000 1 eng d | ||
| 040 |
_aPGUSA _beng |
||
| 042 | _adc | ||
| 050 | 4 | _aPR | |
| 100 | 1 |
_aSabatini, Rafael, _d1875-1950 |
|
| 245 | 1 | 4 |
_aThe Sea-Hawk _h[electronic resource] / _cRafael Sabatini |
| 260 |
_bProject Gutenberg, _c2002 |
||
| 506 | _aPublic domain in the USA. | ||
| 516 | _aElectronic text | ||
| 653 | _aAdventure stories | ||
| 653 | _aHistorical fiction | ||
| 653 | _aMuslims -- Fiction | ||
| 653 | _aCornwall (England : County) -- Fiction | ||
| 653 | _aSea stories | ||
| 653 | _aAfrica, North -- Fiction | ||
| 653 | _aPirates -- Fiction | ||
| 653 | _aBritish -- Africa, North -- Fiction | ||
| 830 | 0 |
_aProject Gutenberg _v3294 |
|
| 856 | 4 | 0 | _uhttp://www.gutenberg.org/ebooks/3294 |
| 942 | _cEB | ||
| 999 |
_c232623 _d232623 |
||